| 000 | 01815nmc a2200505 a 4500 | ||
|---|---|---|---|
| 003 | AR-BaBNM | ||
| 005 | 20251128204747.0 | ||
| 008 | 086019s1993 ||||||||||||||000 | spa|| | ||
| 020 | _a84-88816-00-6 | ||
| 040 | _cAR-BaBNM | ||
| 111 | 2 |
_aSeminario de evaluación de la aplicación y desarrollo de la Ley de Integración Social de los Minusválidos _cSantander, España _dsept. _d1992 |
|
| 245 | 1 | 0 |
_aLa integración social de los minusválidos _bbalance después de diez años de vigencia de la ley 13/1982 |
| 260 |
_aMadrid _bEscuela Libre Editorial _c1993 |
||
| 300 | 0 |
_a482 p. _bgráfs., tablas |
|
| 490 | 0 |
_aSolidaridad _vv. 4 |
|
| 500 | 0 | _aContiene ponencias y comunicaciones de autores diversos | |
| 500 | 0 | _aLISMI: Ley de Integración Social de Discapacitados | |
| 500 | 0 | _aPublicación de Fundación Once | |
| 650 | 4 | _aINTEGRACION ESCOLAR | |
| 650 | 4 | _aEDUCACION ESPECIAL | |
| 650 | 4 | _aDERECHOS DE LOS MINUSVALIDOS | |
| 650 | 4 | _aNINOS MINUSVALIDOS | |
| 650 | 4 | _aINTEGRACION SOCIAL | |
| 651 | 4 | _aEspaña | |
| 653 | 0 | _aDISCAPACITADOS | |
| 653 | 0 | _aDISCAPACIDADES | |
| 700 | 1 | _aMuñoz Machado, Santiago | |
| 700 | 1 | _aFermoso García, Julio | |
| 700 | 1 | _aLorenzo García, Rafael de | |
| 700 | 1 | _aCasado Pérez, Demetrio | |
| 700 | 1 | _aGarcía Martín, José María | |
| 700 | 1 | _aMartínez Torralba, Isabel | |
| 700 | 1 | _aLópez-Contreras González, María | |
| 700 | 1 | _aHernández Sánchez, Eloy | |
| 700 | 1 | _aSánchez Morón, Miguel | |
| 700 | 1 | _aVerdugo Alonso, Miguel | |
| 700 | 1 | _aNavarro Domenichelli, Rogelio | |
| 700 | 1 | _aGómez Nieto, Justino | |
| 700 | 1 | _aCervantes Martínez, Luis Alfonso | |
| 700 | 1 | _aPorto Vázquez, Fernando | |
| 700 | 1 | _aBatán Rodríguez, Javier | |
| 800 | 1 |
_aLorenzo García, Rafael de _edirector |
|
| 942 | _cBK | ||
| 998 | _cSILVI | ||
| 999 |
_c8714 _d8714 |
||